Možnosti využitia výpočtovej techniky v Stavebnom bytovom družstve Brezno záverečná práca postgraduálneho štúdia

Salvato in:
Dettagli Bibliografici
Autore principale: Kováčiková, Rozália
Ente Autore: Vysoká škola ekonomická v Bratislave
Altri autori: Abrahám, Miroslav
Natura: Libro
Lingua:slovacco
Pubblicazione: Bratislava 1990
Tags: Aggiungi Tag
Nessun Tag, puoi essere il primo ad aggiungerne!!

MARC

LEADER 00000nam a2200000 4500
001 c035352
005 20221215070927.4
041 0 |a slo 
044 |a SK 
245 1 0 |a Možnosti využitia výpočtovej techniky v Stavebnom bytovom družstve Brezno  |b záverečná práca postgraduálneho štúdia  |c Rozália Kováčiková ; Ved. práce Miroslav Abrahám 
264 1 |a Bratislava  |c 1990 
300 |a 31 s. 
100 1 |a Kováčiková, Rozália 
700 1 |a Abrahám, Miroslav 
710 2 |a Vysoká škola ekonomická v Bratislave